000 00717nam a2200193 a 4500
001 000014587
005 20200929163855.0
008 100115s1987 dr 000 0 spa d
040 _aDO-SdBNP
_bspa
_cBNPHU
082 _a324.2729307
_bS623p
245 0 0 _aSituación política de la República Dominicana y sus perspectivas. /
_cpresentación Yván Rodríguez.
260 _aSanto Domingo :
_bPTD,
_c1987.
300 _a298 p. ;
_c22 cm.
610 2 4 _aPARTIDO DE LOS TRABAJADORES DOMINICANOS
_933027
651 4 _aRepública Dominicana
_xPolítica Y Gobierno
_y1961-
_9204
700 1 _aRodríguez, Yván
_933028
710 2 _aPARTIDO DE LOS TRABAJADORES DOMINICANOS
_933027
910 _aValidado. Control de calidad MFF
999 _c14173
_d14173